000 00588nam a2200193Ii 4500
003 JO-AjNU
008 230605s9999||||xx |||||||||||||| ||und||
040 _aJO-AjNU
_bara
_erda
_cJO-AjNU
041 _aara
050 1 4 _aQB592 .S842 1980
100 3 _a السكري، علي علي ,
_eauthor
_939054
245 0 0 _aجيولوجيا القمر
264 3 1 _aالقاهرة: منشاة المعارف، 1980
300 _a108ص
336 _atext
_btxt
_2rdacontent
337 _aunmediated
_bn
_2rdamedia
338 _avolume
_bnc
_2rdacarrier
650 4 _aمذنب هالي
_939055
999 _aA16462
_c20030
_d20030